[Event "Khanty-Mansiysk Governor Cup-B 9th"]
[Site "Khanty-Mansiysk"]
[Date "2013.12.06"]
[Round "9"]
[White "Gordeev, Sergey"]
[Black "Sergeev, Veniamin"]
[Result "0-1"]
[WhiteElo "2087"]
[BlackElo "2374"]
[PlyCount "48"]
[EventDate "2013.11.28"]
[EventType "swiss"]
[EventRounds "9"]
[EventCountry "RUS"]
[SourceTitle "CBM 157 Extra"]
[Source "ChessBase"]
[SourceDate "2013.12.19"]
[SourceVersion "1"]
[SourceVersionDate "2013.12.19"]
[SourceQuality "1"]

1. e4 c5 2. Nf3 Nc6 3. d4 cxd4 4. Nxd4 Nf6 5. Nc3 d6 6. Bb5 Bd7 7. 0-0 e6 8. Bxc6 bxc6 9. Qe2 e5 10. Nb3 Be7 11. f4 0-0 12. fxe5 dxe5 13. Be3 Be6 14. h3 Nd7 15. Qa6 Qc8 16. Qa5 Qb7 17. Rab1 Bb4 18. Qa4 a5 19. a3 Nb6 20. Bxb6 Qxb6+ 21. Kh1 Bc4 22. Nxa5 Qxa5 23. Qxb4 Qxb4 24. axb4 Bxf1 0-1

[Event "RUS-ch Higher League 65th"]
[Site "Tiumen"]
[Date "2012.06.17"]
[Round "2"]
[White "Popov, Mikhail"]
[Black "Sergeev, Veniamin"]
[Result "1-0"]
[WhiteElo "2184"]
[BlackElo "2397"]
[PlyCount "79"]
[EventDate "2012.06.16"]
[EventType "swiss"]
[EventRounds "11"]
[EventCountry "RUS"]
[SourceTitle "CBM 149"]
[Source "ChessBase"]
[SourceDate "2012.07.17"]
[SourceVersion "1"]
[SourceVersionDate "2012.07.17"]
[SourceQuality "1"]

1. e4 c5 2. Nf3 d6 3. d4 cxd4 4. Nxd4 Nf6 5. Nc3 Nc6 6. Bg5 e6 7. Qd2 Be7 8. 0-0-0 0-0 9. f4 Nxd4 10. Qxd4 h6 11. Bh4 Qa5 12. Qd3 Rd8 13. g4 Bd7 14. g5 Nh5 15. Qf3 Nxf4 16. Qxf4 hxg5 17. Rg1 gxh4 18. Bd3 Qe5 19. Qh6 g6 20. Rdf1 Be8 21. Bc4 Qg7 22. Qf4 Rac8 23. Bb3 Rc5 24. Nd1 Qe5 25. Qf3 Bg5+ 26. Kb1 a5 27. Nf2 Qg7 28. Nd3 Rdc8 29. e5 Rxe5 30. Nxe5 Qxe5 31. Qxb7 Rd8 32. Re1 Qc5 33. a4 Kh8 34. Qf3 Kg7 35. Ref1 Be7 36. Rg4 d5 37. Qf4 Qd6 38. Qd2 Qc5 39. Qe1 Qc7 40. Rg2 1-0

[Event "RUS-ch Higher League 65th"]
[Site "Tiumen"]
[Date "2012.06.16"]
[Round "1"]
[White "Sergeev, Veniamin"]
[Black "Potkin, Vladimir"]
[Result "0-1"]
[WhiteElo "2397"]
[BlackElo "2642"]
[PlyCount "110"]
[EventDate "2012.06.16"]
[EventType "swiss"]
[EventRounds "11"]
[EventCountry "RUS"]
[SourceTitle "CBM 149"]
[Source "ChessBase"]
[SourceDate "2012.07.17"]
[SourceVersion "1"]
[SourceVersionDate "2012.07.17"]
[SourceQuality "1"]

1. d4 d5 2. Nf3 Nf6 3. c4 c6 4. Nc3 e6 5. e3 Nbd7 6. Qc2 Bd6 7. Bd3 0-0 8. 0-0 dxc4 9. Bxc4 b5 10. Be2 Bb7 11. e4 e5 12. Rd1 Qc7 13. g3 exd4 14. Nxd4 Rfe8 15. a3 a5 16. Bf3 Be5 17. Be3 b4 18. axb4 axb4 19. Rxa8 Bxa8 20. Nce2 c5 21. Nb3 Bd6 22. Nd2 Ne5 23. Bg2 Bb7 24. h3 Ba6 25. Nf4 h6 26. Qa4 Ra8 27. Ra1 Bb7 28. Qd1 Rxa1 29. Qxa1 c4 30. Bd4 Bc5 31. Bxe5 Qxe5 32. Nxc4 Qd4 33. Ne3 Bxe4 34. Qc1 Bxg2 35. Nfxg2 Ne4 36. h4 b3 37. h5 Qe5 38. g4 Qf6 39. f4 Qd4 40. Kh2 Nf6 41. Kh3 Ne4 42. Qc4 Nd2 43. Qc1 Bf8 44. Kh2 Qd3 45. Qc6 Qd4 46. Qc1 Qd3 47. Qc6 Qe2 48. Kg3 Qd3 49. g5 hxg5 50. fxg5 Qd6+ 51. Qxd6 Bxd6+ 52. Kg4 Be5 53. Nd1 Nc4 54. g6 fxg6 55. hxg6 Nxb2 0-1

[Event "Khanty-Mansiysk Governor Cup 7th"]
[Site "Khanty-Mansiysk"]
[Date "2011.09.08"]
[Round "9"]
[White "Sergeev, Veniamin"]
[Black "Smirnov, Pavel"]
[Result "1/2-1/2"]
[WhiteElo "2395"]
[BlackElo "2558"]
[PlyCount "137"]
[EventDate "2011.08.31"]
[EventType "swiss"]
[EventRounds "9"]
[EventCountry "RUS"]
[SourceTitle "CBM 144 Extra"]
[Source "ChessBase"]
[SourceDate "2011.10.28"]
[SourceVersion "1"]
[SourceVersionDate "2011.10.28"]
[SourceQuality "1"]

1. d4 d6 2. c4 e5 3. Nf3 e4 4. Ng5 f5 5. Nc3 Be7 6. h4 Nf6 7. Nh3 0-0 8. Bg5 Be6 9. Nf4 Bf7 10. e3 Nbd7 11. Be2 c6 12. g3 d5 13. cxd5 cxd5 14. Qb3 Nb6 15. 0-0 h6 16. Bxf6 Bxf6 17. h5 Bg5 18. Ng6 Bxg6 19. hxg6 Qd6 20. a4 a5 21. Kg2 Rad8 22. Bh5 Nc4 23. Rfe1 Qb4 24. Qa2 Rf6 25. Rac1 Rc6 26. Rc2 Kf8 27. Ree2 Nb6 28. Kh2 Be7 29. Rc1 Qd6 30. Rec2 Qf6 31. Kg2 Qg5 32. Rh1 Bd6 33. Qb3 Bb4 34. Rcc1 Qe7 35. Ne2 Rdc8 36. Rxc6 Rxc6 37. Rc1 Rxc1 38. Nxc1 Qd6 39. Na2 Ke7 40. Bd1 Ke6 41. Be2 Kf6 42. Nxb4 axb4 43. Qc2 Qc6 44. Qxc6+ bxc6 45. a5 Nc8 46. Kf1 Kxg6 47. Ke1 Kf6 48. Kd2 Ke7 49. Kc2 Kd6 50. Kb3 c5 51. Bh5 Na7 52. Ka4 cxd4 53. exd4 g5 54. Kxb4 f4 55. gxf4 gxf4 56. a6 Kc6 57. Ka5 Kc7 58. Bg4 Kc6 59. b4 e3 60. fxe3 fxe3 61. Be2 Kc7 62. b5 Nc8 63. Bf3 Nb6 64. Kb4 Nc4 65. Kc5 Nb6 66. Kb4 Nc4 67. Kc3 Nd6 68. Kd3 Nxb5 69. Kxe3 1/2-1/2

[Event "Khanty-Mansiysk Governor Cup 7th"]
[Site "Khanty-Mansiysk"]
[Date "2011.09.01"]
[Round "2"]
[White "Banlock, Benjamin Didier"]
[Black "Sergeev, Veniamin"]
[Result "0-1"]
[WhiteElo "2026"]
[BlackElo "2395"]
[PlyCount "78"]
[EventDate "2011.08.31"]
[EventType "swiss"]
[EventRounds "9"]
[EventCountry "RUS"]
[SourceTitle "CBM 144 Extra"]
[Source "ChessBase"]
[SourceDate "2011.10.28"]
[SourceVersion "1"]
[SourceVersionDate "2011.10.28"]
[SourceQuality "1"]

1. d4 Nf6 2. c4 c5 3. d5 b5 4. Bg5 Ne4 5. Bf4 d6 6. Nd2 Nxd2 7. Qxd2 bxc4 8. e4 Ba6 9. Qc3 e5 10. dxe6 fxe6 11. Rd1 Nc6 12. Bxc4 Bxc4 13. Qxc4 e5 14. Bd2 Rb8 15. Bc3 Nd4 16. Bxd4 cxd4 17. Qa4+ Qd7 18. Qxd7+ Kxd7 19. b3 Be7 20. Nf3 Rhc8 21. Ke2 Rc2+ 22. Rd2 Rbc8 23. Rhd1 R2c6 24. h4 h6 25. g3 Bd8 26. Rb1 Ke6 27. Ne1 d5 28. f3 g5 29. hxg5 Bxg5 30. f4 dxe4 31. fxg5 hxg5 32. Kf2 Kf5 33. Kg2 e3 34. Re2 g4 35. Nd3 Rc2 36. Rbe1 R8c3 37. Nb4 Rxe2+ 38. Rxe2 Ke4 39. Nc2 Kd3 0-1

[Event "Khanty-Mansiysk Governor Cup 7th"]
[Site "Khanty-Mansiysk"]
[Date "2011.08.31"]
[Round "1"]
[White "Sergeev, Veniamin"]
[Black "Skurikhin, Alexander"]
[Result "1-0"]
[WhiteElo "2395"]
[BlackElo "1734"]
[PlyCount "121"]
[EventDate "2011.08.31"]
[EventType "swiss"]
[EventRounds "9"]
[EventCountry "RUS"]
[SourceTitle "CBM 144 Extra"]
[Source "ChessBase"]
[SourceDate "2011.10.28"]
[SourceVersion "1"]
[SourceVersionDate "2011.10.28"]
[SourceQuality "1"]

1. d4 d5 2. c4 c6 3. Nf3 Bf5 4. Nc3 Nf6 5. Qb3 Qb6 6. cxd5 Qxb3 7. axb3 Nxd5 8. e4 Nxc3 9. exf5 Nd5 10. Bd2 Nd7 11. Bd3 g6 12. 0-0 Bg7 13. b4 a6 14. b5 cxb5 15. fxg6 hxg6 16. Bxb5 N5b6 17. Bd3 0-0 18. Be4 Nc4 19. Bf4 e5 20. dxe5 Ncxe5 21. Nxe5 Nxe5 22. Bxb7 Ra7 23. Bxa6 Rfa8 24. Rae1 Rxa6 25. Bxe5 Rb6 26. Bxg7 Kxg7 27. Re2 Rab8 28. Rb1 Rb3 29. Kf1 f5 30. Ke1 Kf6 31. Kd1 Rc8 32. Rc1 Rd8+ 33. Kc2 Rdb8 34. Kb1 R3b6 35. Rc4 Rd6 36. h4 Rdb6 37. Rec2 R6b7 38. Rc6+ Kg7 39. Rc7+ Rxc7 40. Rxc7+ Kh6 41. Rc4 Re8 42. g3 Re1+ 43. Rc1 Re2 44. Rc2 Re4 45. b3 Kh5 46. Kb2 Kg4 47. Ka3 Kf3 48. b4 Re2 49. Rxe2 Kxe2 50. b5 Kxf2 51. b6 Kxg3 52. b7 Kxh4 53. b8Q g5 54. Kb2 f4 55. Kc2 Kh3 56. Kd2 f3 57. Ke3 g4 58. Kf2 Kh4 59. Qe5 g3+ 60. Qxg3+ Kh5 61. Kxf3 1-0

[Event "Tiumen Region-ch"]
[Site "Tiumen"]
[Date "2010.12.26"]
[Round "11"]
[White "Kopylov, Alexander A"]
[Black "Sergeev, Veniamin"]
[Result "1-0"]
[WhiteElo "2438"]
[BlackElo "2408"]
[PlyCount "111"]
[EventDate "2010.12.18"]
[EventType "tourn"]
[EventRounds "11"]
[EventCountry "RUS"]
[EventCategory "7"]
[SourceTitle "CBM 140 Extra"]
[Source "ChessBase"]
[SourceDate "2011.03.01"]
[SourceVersion "1"]
[SourceVersionDate "2011.03.01"]
[SourceQuality "1"]

1. d4 c5 2. d5 Nf6 3. Nf3 g6 4. Nc3 Bg7 5. e4 d6 6. Bb5+ Bd7 7. a4 0-0 8. 0-0 Bg4 9. Be2 e5 10. Nd2 Bxe2 11. Qxe2 Nbd7 12. a5 a6 13. Nc4 Ne8 14. Be3 f5 15. f3 f4 16. Bf2 h5 17. Rfb1 Rc8 18. b4 g5 19. b5 g4 20. bxa6 bxa6 21. Rb7 g3 22. hxg3 fxg3 23. Bxg3 Qg5 24. Be1 Ndf6 25. Ne3 Rc7 26. Rxc7 Nxc7 27. Nf5 Kh7 28. Qd2 Qg6 29. Rb1 Nfe8 30. Rb7 Bf6 31. Qe2 Rf7 32. Bf2 Bg5 33. Rb6 Rf6 34. Qd3 Ng7 35. Rc6 Nge8 36. Nd1 Qf7 37. c4 Rg6 38. Qc2 Bf4 39. Bh4 Bg5 40. Bxg5 Rxg5 41. Nde3 Rg6 42. Qb2 Qd7 43. Qb7 Kh8 44. Kf2 Qd8 45. Qb1 Ng7 46. Nxg7 Rxg7 47. Nf5 Rd7 48. Qc1 Ne8 49. Qh6+ Kg8 50. Qg6+ Kf8 51. Qxh5 Qxa5 52. Qh8+ Kf7 53. Qh7+ Kf8 54. Qh6+ Rg7 55. Nxg7 Nxg7 56. Rxd6 1-0

[Event "Khanty-Mansiysk Governor Cup 6th"]
[Site "Khanty-Mansiysk"]
[Date "2010.09.25"]
[Round "9"]
[White "Alavkin, Arseny Nailievich"]
[Black "Sergeev, Veniamin"]
[Result "1/2-1/2"]
[WhiteElo "2454"]
[BlackElo "2408"]
[PlyCount "39"]
[EventDate "2010.09.17"]
[EventType "swiss"]
[EventRounds "10"]
[EventCountry "RUS"]
[SourceTitle "CBM 138 Extra"]
[Source "ChessBase"]
[SourceDate "2010.10.29"]
[SourceVersion "1"]
[SourceVersionDate "2010.10.29"]
[SourceQuality "1"]

1. e4 c5 2. Nf3 Nc6 3. Bb5 d6 4. d4 cxd4 5. Qxd4 Bd7 6. Bxc6 Bxc6 7. Nc3 Nf6 8. Bg5 e6 9. 0-0-0 Be7 10. Rhe1 0-0 11. Qd2 Qc7 12. Nd4 Rfd8 13. f3 Rab8 14. g4 b5 15. Nce2 Ba8 16. Ng3 b4 17. Nh5 Nxh5 18. gxh5 Bxg5 19. Qxg5 h6 20. Qg3 1/2-1/2

[Event "Khanty-Mansiysk Governor Cup 6th"]
[Site "Khanty-Mansiysk"]
[Date "2010.09.23"]
[Round "7"]
[White "Kokarev, Dmitry"]
[Black "Sergeev, Veniamin"]
[Result "1/2-1/2"]
[WhiteElo "2622"]
[BlackElo "2408"]
[PlyCount "73"]
[EventDate "2010.09.17"]
[EventType "swiss"]
[EventRounds "10"]
[EventCountry "RUS"]
[SourceTitle "CBM 138 Extra"]
[Source "ChessBase"]
[SourceDate "2010.10.29"]
[SourceVersion "1"]
[SourceVersionDate "2010.10.29"]
[SourceQuality "1"]

1. e4 c5 2. Nf3 Nc6 3. d4 cxd4 4. Nxd4 Nf6 5. Nc3 d6 6. Bg5 Bd7 7. Qd2 Rc8 8. 0-0-0 Nxd4 9. Qxd4 Qa5 10. Bd2 a6 11. f3 g6 12. Kb1 Qc5 13. Be3 Qxd4 14. Bxd4 Bg7 15. Nd5 e5 16. Be3 Nxd5 17. Rxd5 Rc6 18. Be2 Be6 19. Rd3 Ke7 20. Rhd1 Rhc8 21. c3 Bc4 22. R3d2 Bxe2 23. Rxe2 f5 24. Kc2 Ke6 25. Bc1 Bf6 26. Be3 Be7 27. Kb3 Rf8 28. Kc2 h5 29. h3 Bh4 30. Kd3 Bd8 31. a4 fxe4+ 32. fxe4 Bb6 33. Bh6 Rh8 34. Bg5 Rf8 35. Bh6 Rh8 36. Bg5 Rf8 37. Bh6 1/2-1/2

[Event "Khanty-Mansiysk Governor Cup 6th"]
[Site "Khanty-Mansiysk"]
[Date "2010.09.22"]
[Round "6"]
[White "Sergeev, Veniamin"]
[Black "Samdanov, Samdan"]
[Result "1-0"]
[WhiteElo "2408"]
[BlackElo "1980"]
[PlyCount "91"]
[EventDate "2010.09.17"]
[EventType "swiss"]
[EventRounds "10"]
[EventCountry "RUS"]
[SourceTitle "CBM 138 Extra"]
[Source "ChessBase"]
[SourceDate "2010.10.29"]
[SourceVersion "1"]
[SourceVersionDate "2010.10.29"]
[SourceQuality "1"]

1. d4 Nf6 2. c4 g6 3. Nc3 d5 4. Bf4 Bg7 5. e3 0-0 6. Rc1 c5 7. dxc5 Qa5 8. cxd5 Rd8 9. Bc4 Be6 10. Qa4 Qxa4 11. Nxa4 Nxd5 12. Nf3 Nb4 13. a3 Nd3+ 14. Bxd3 Rxd3 15. Ke2 Rd7 16. Be5 Nc6 17. Bxg7 Kxg7 18. Rc3 Rad8 19. Rhc1 Bg4 20. R1c2 Ne5 21. b4 Rd1 22. Nb2 Rh1 23. e4 Rxh2 24. Ke3 Bxf3 25. gxf3 g5 26. b5 h5 27. c6 bxc6 28. bxc6 h4 29. c7 Rc8 30. Rd2 h3 31. Rd8 Rxc7 32. Rxc7 Rh1 33. Nd3 h2 34. Rd5 Rg1 35. Rxe5 h1Q 36. Rexe7 Re1+ 37. Kd4 Rd1 38. Rxf7+ Kg8 39. Rfd7 Rxd3+ 40. Kxd3 Qxf3+ 41. Kd4 Qxf2+ 42. Kd5 Qd2+ 43. Ke6 Qa2+ 44. Kf5 Qf2+ 45. Kg6 Qb6+ 46. Kh5 1-0

[Event "Khanty-Mansiysk Governor Cup 6th"]
[Site "Khanty-Mansiysk"]
[Date "2010.09.20"]
[Round "4"]
[White "Sergeev, Veniamin"]
[Black "Sazonova, Elena"]
[Result "1-0"]
[WhiteElo "2408"]
[BlackElo "2182"]
[PlyCount "65"]
[EventDate "2010.09.17"]
[EventType "swiss"]
[EventRounds "10"]
[EventCountry "RUS"]
[SourceTitle "CBM 138 Extra"]
[Source "ChessBase"]
[SourceDate "2010.10.29"]
[SourceVersion "1"]
[SourceVersionDate "2010.10.29"]
[SourceQuality "1"]

1. d4 c5 2. d5 e5 3. e4 d6 4. Nc3 Be7 5. h3 Bg5 6. Nf3 Bxc1 7. Qxc1 Ne7 8. Bb5+ Nd7 9. a4 0-0 10. 0-0 f5 11. Ng5 Nf6 12. exf5 Nxf5 13. f4 exf4 14. Qxf4 Nh5 15. Qd2 Nhg3 16. Rf3 Qf6 17. Re1 a6 18. Bc4 Bd7 19. Ne6 Rfe8 20. Kh2 Qh4 21. b3 Rac8 22. Qf2 g6 23. Rxg3 Nxg3 24. Qxg3 Qxg3+ 25. Kxg3 Kf7 26. a5 h6 27. h4 Rb8 28. Ne4 Ke7 29. Nc7 Red8 30. Nxc5+ Kf6 31. Ne4+ Ke5 32. Ng5+ Kd4 33. Nge6+ 1-0

[Event "Khanty-Mansiysk Governor Cup 6th"]
[Site "Khanty-Mansiysk"]
[Date "2010.09.19"]
[Round "3"]
[White "Ponkratov, Pavel"]
[Black "Sergeev, Veniamin"]
[Result "1-0"]
[WhiteElo "2582"]
[BlackElo "2408"]
[PlyCount "83"]
[EventDate "2010.09.17"]
[EventType "swiss"]
[EventRounds "10"]
[EventCountry "RUS"]
[SourceTitle "CBM 138 Extra"]
[Source "ChessBase"]
[SourceDate "2010.10.29"]
[SourceVersion "1"]
[SourceVersionDate "2010.10.29"]
[SourceQuality "1"]

1. e4 c5 2. Nf3 Nc6 3. d4 cxd4 4. Nxd4 Nf6 5. Nc3 d6 6. Be2 e5 7. Nb3 Be7 8. 0-0 0-0 9. f4 a5 10. a4 Nb4 11. Kh1 Qc7 12. Bf3 Be6 13. Be3 Rfd8 14. Qc1 Bc4 15. Rd1 h5 16. Nd2 Ba6 17. Ndb1 d5 18. exd5 e4 19. Bxe4 Nxe4 20. Nxe4 Nxd5 21. Nbc3 Nb4 22. Rd2 Qc6 23. f5 Bf8 24. f6 g6 25. Bh6 Qe8 26. Rf2 Rd4 27. Bxf8 Qxf8 28. Qg5 b6 29. h3 Rad8 30. Ng3 Kh7 31. Re1 Qh6 32. Qxh6+ Kxh6 33. Re7 h4 34. Nge4 Bc4 35. Nb5 Rd1+ 36. Kh2 Nd5 37. Ned6 Ne3 38. Rxe3 R8xd6 39. Nxd6 Rxd6 40. Re4 Be6 41. Rxh4+ Kg5 42. Rhf4 1-0

[Event "Khanty-Mansiysk Governor Cup 6th"]
[Site "Khanty-Mansiysk"]
[Date "2010.09.18"]
[Round "2"]
[White "Sergeev, Veniamin"]
[Black "Pozdeev, Vladimir1111"]
[Result "1-0"]
[WhiteElo "2408"]
[BlackElo "2121"]
[PlyCount "57"]
[EventDate "2010.09.17"]
[EventType "swiss"]
[EventRounds "10"]
[EventCountry "RUS"]
[SourceTitle "CBM 138 Extra"]
[Source "ChessBase"]
[SourceDate "2010.10.29"]
[SourceVersion "1"]
[SourceVersionDate "2010.10.29"]
[SourceQuality "1"]

1. d4 Nf6 2. c4 e6 3. g3 d5 4. Bg2 c6 5. Nf3 Bb4+ 6. Bd2 Be7 7. Qc2 0-0 8. 0-0 b6 9. b3 Nbd7 10. Rd1 Ba6 11. Bf4 Rc8 12. Nc3 dxc4 13. e4 Bb4 14. Nd2 c5 15. d5 e5 16. Bg5 cxb3 17. axb3 Nb8 18. Bh3 Rc7 19. Nc4 Bxc4 20. bxc4 Bxc3 21. Qxc3 Nbd7 22. f4 Rb7 23. Bxd7 Qxd7 24. Bxf6 gxf6 25. fxe5 Re8 26. exf6 Rxe4 27. Re1 Rxe1+ 28. Rxe1 Rb8 29. Qe5 1-0

[Event "Ekaterinburg UrFO-ch"]
[Site "Ekaterinburg"]
[Date "2008.03.22"]
[Round "8"]
[White "Kabanov, Nikolai"]
[Black "Sergeev, Veniamin"]
[Result "1-0"]
[WhiteElo "2532"]
[BlackElo "2393"]
[PlyCount "81"]
[EventDate "2008.03.15"]
[EventType "swiss"]
[EventRounds "9"]
[EventCountry "RUS"]
[SourceTitle "EXT 2009"]
[Source "ChessBase"]
[SourceDate "2008.11.26"]
[SourceVersion "1"]
[SourceVersionDate "2008.11.26"]
[SourceQuality "1"]

1. e4 c5 2. Nf3 d6 3. d4 cxd4 4. Nxd4 Nf6 5. Nc3 Nc6 6. Bg5 e6 7. Qd2 a6 8. 0-0-0 Nxd4 9. Qxd4 Be7 10. f4 b5 11. Be2 Bb7 12. Bf3 Rc8 13. Bxf6 gxf6 14. f5 Rc5 15. Rhe1 Qc7 16. Kb1 Rg8 17. Qd2 e5 18. Re3 Bf8 19. Rd3 Bc6 20. Qf2 h6 21. Nd5 Bxd5 22. Rxd5 Rc4 23. R1d3 Be7 24. Qd2 Rh8 25. c3 Qb6 26. Qe1 Rg8 27. g3 Kf8 28. Bd1 Kg7 29. Bb3 Rc5 30. Rxc5 Qxc5 31. a3 Rf8 32. Ka2 h5 33. g4 Rh8 34. Qh4 hxg4 35. Qxg4+ Kf8 36. Rg3 Ke8 37. Bxf7+ Kd8 38. Be6 Qf2 39. Rh3 Re8 40. Rh7 Qf4 41. Qg1 1-0

[Event "Ekaterinburg UrFO-ch"]
[Site "Ekaterinburg"]
[Date "2008.03.20"]
[Round "6"]
[White "Vokarev, Sergey"]
[Black "Sergeev, Veniamin"]
[Result "1/2-1/2"]
[WhiteElo "2502"]
[BlackElo "2393"]
[PlyCount "44"]
[EventDate "2008.03.15"]
[EventType "swiss"]
[EventRounds "9"]
[EventCountry "RUS"]
[SourceTitle "EXT 2009"]
[Source "ChessBase"]
[SourceDate "2008.11.26"]
[SourceVersion "1"]
[SourceVersionDate "2008.11.26"]
[SourceQuality "1"]

1. e4 c5 2. Nf3 Nc6 3. d4 cxd4 4. Nxd4 Nf6 5. Nc3 d6 6. Bg5 e6 7. Qd2 a6 8. 0-0-0 Bd7 9. f3 b5 10. Nxc6 Bxc6 11. Kb1 Be7 12. h4 h6 13. Be3 Qc7 14. Bd3 d5 15. Bf4 Qb6 16. exd5 Nxd5 17. Nxd5 Bxd5 18. h5 Bf6 19. Rhe1 Rd8 20. Be3 Qd6 21. Bf4 Qc5 22. Be3 Qd6 1/2-1/2

[Event "Ekaterinburg UrFO-ch"]
[Site "Ekaterinburg"]
[Date "2008.03.16"]
[Round "2"]
[White "Rassokhina, Ekaterina"]
[Black "Sergeev, Veniamin"]
[Result "1/2-1/2"]
[WhiteElo "2032"]
[BlackElo "2393"]
[PlyCount "64"]
[EventDate "2008.03.15"]
[EventType "swiss"]
[EventRounds "9"]
[EventCountry "RUS"]
[SourceTitle "EXT 2009"]
[Source "ChessBase"]
[SourceDate "2008.11.26"]
[SourceVersion "1"]
[SourceVersionDate "2008.11.26"]
[SourceQuality "1"]

1. d4 Nf6 2. c4 c5 3. d5 b5 4. cxb5 a6 5. b6 g6 6. Nc3 Qxb6 7. e4 d6 8. Be2 Qb4 9. Qc2 Bg7 10. Bd2 0-0 11. a3 Qb7 12. Nf3 Bg4 13. 0-0 Nbd7 14. Rab1 Rfc8 15. b4 cxb4 16. Rxb4 Qc7 17. Rc4 Nc5 18. Na4 Nfd7 19. Nxc5 dxc5 20. Ra4 Bxf3 21. Bxf3 c4 22. Bc3 Bxc3 23. Qxc3 a5 24. Bg4 Nb6 25. Rxa5 Rxa5 26. Qxa5 Ra8 27. Qb4 Ra4 28. Qc3 Qc5 29. Ra1 Ra5 30. Be2 Rb5 31. Rc1 Ra5 32. Ra1 Rb5 1/2-1/2

[Event "RUS Cup Qualifier 3"]
[Site "chessassistantclub.com INT"]
[Date "2004.10.21"]
[Round "?"]
[White "Sergeev, Veniamin"]
[Black "Pugachov, Alexey"]
[Result "1-0"]
[WhiteElo "2417"]
[BlackElo "2499"]
[PlyCount "95"]
[EventDate "2004.10.21"]
[EventType "swiss (blitz)"]
[EventRounds "13"]
[EventCountry "RUS"]
[SourceTitle "EXT 2006"]
[Source "ChessBase"]
[SourceDate "2005.11.24"]
[SourceVersion "1"]
[SourceVersionDate "2005.11.24"]
[SourceQuality "1"]

1. d4 Nf6 2. c4 e6 3. Nc3 Bb4 4. f3 d5 5. a3 Bxc3+ 6. bxc3 0-0 7. cxd5 Nxd5 8. e4 Ne7 9. Bd3 c5 10. Ne2 cxd4 11. cxd4 Nbc6 12. Be3 e5 13. d5 Na5 14. 0-0 b6 15. Bd2 Nb7 16. Bc3 f6 17. Bb4 a5 18. Bd2 Nd6 19. Be3 Ba6 20. Bxa6 Rxa6 21. Qd3 Ra7 22. Rab1 Rb7 23. a4 Nec8 24. Nc3 f5 25. exf5 Nxf5 26. Ne4 Rd7 27. Rfd1 h6 28. Bf2 Kh8 29. Rb2 Nfe7 30. Nc3 Nf5 31. Re2 Re8 32. Qxf5 Nd6 33. Qd3 Qg5 34. Ne4 Nxe4 35. Qxe4 Qf6 36. Red2 Rd6 37. h3 Qf7 38. Rd3 Qd7 39. Rb1 Qc7 40. Rdd1 Re7 41. Rdc1 Qd8 42. Rb5 Rf6 43. Be3 Rd6 44. Rcb1 Rb7 45. Bf2 Rf7 46. Bxb6 Qg5 47. Be3 Qh5 48. Rb8+ 1-0

[Event "Vladimir op"]
[Site "Vladimir"]
[Date "2004.08.18"]
[Round "1"]
[White "Sergeev, Veniamin"]
[Black "Gubajdullin, Alexey"]
[Result "1-0"]
[WhiteElo "2407"]
[BlackElo "2442"]
[PlyCount "80"]
[EventDate "2004.08.18"]
[EventType "swiss"]
[EventRounds "9"]
[EventCountry "RUS"]
[SourceTitle "EXT 2005"]
[Source "ChessBase"]
[SourceDate "2004.11.15"]
[SourceVersion "1"]
[SourceVersionDate "2004.11.15"]
[SourceQuality "1"]

1. d4 g6 2. c4 Bg7 3. e4 d6 4. Nc3 Nf6 5. Be2 0-0 6. Nf3 c5 7. 0-0 cxd4 8. Nxd4 Nc6 9. Be3 Bd7 10. Rc1 Nxd4 11. Bxd4 Bc6 12. f3 Bh6 13. Rc2 Nd7 14. Qe1 e5 15. Bf2 f5 16. exf5 gxf5 17. b4 Nf6 18. Bd1 a6 19. c5 Re8 20. cxd6 Qxd6 21. Bc5 Qd7 22. Re2 Bg7 23. Bb3+ Kh8 24. Rd2 Qc8 25. Qh4 Nd7 26. Be3 e4 27. Nd5 Bxd5 28. Rxd5 Nf6 29. Rc5 Qd7 30. Rd1 Qe7 31. Rxf5 Rad8 32. Rf1 exf3 33. R5xf3 Qc7 34. Bg5 Rd6 35. Kh1 Ne4 36. Bf4 Nd2 37. Rh3 Rh6 38. Bxc7 Rxh4 39. Rxh4 Nxf1 40. Kg1 Nd2 1-0